Medición de logros de las competencias curriculares del nivel básico: Estudio evaluativo / Instituto nacional de formación y capacitación del magisterio (Registro nro. 20784)
[ vista simple ]
| 000 -LEADER | |
|---|---|
| fixed length control field | 00779nam a2200217Ia 4500 |
| 001 - CONTROL NUMBER | |
| control field | 20967 |
| 003 - CONTROL NUMBER IDENTIFIER | |
| control field | DO-CoUTE |
| 005 - DATE AND TIME OF LATEST TRANSACTION | |
| control field | 20260204212558.0 |
| 008 - FIXED-LENGTH DATA ELEMENTS--GENERAL INFORMATION | |
| fixed length control field | 220104s9999 dr 000 0 spa d |
| 040 ## - CATALOGING SOURCE | |
| Original cataloging agency | DO-CoUTE |
| Language of cataloging | spa |
| Transcribing agency | DO-CoUTE |
| 041 0# - LANGUAGE CODE | |
| Language code of text/sound track or separate title | spa |
| 082 ## - DEWEY DECIMAL CLASSIFICATION NUMBER | |
| Classification number | 370.97293 R426m |
| 110 ## - MAIN ENTRY--CORPORATE NAME | |
| Corporate name or jurisdiction name as entry element | Instituto nacional de formación y capacitación del magisterio |
| 245 10 - TITLE STATEMENT | |
| Title | Medición de logros de las competencias curriculares del nivel básico: Estudio evaluativo / Instituto nacional de formación y capacitación del magisterio |
| 260 ## - PUBLICATION, DISTRIBUTION, ETC. | |
| Place of publication, distribution, etc. | Santo Domingo,República Dominicana : Compugraf |
| 300 ## - PHYSICAL DESCRIPTION | |
| Extent | 362 páginas |
| 650 #4 - SUBJECT ADDED ENTRY--TOPICAL TERM | |
| Topical term or geographic name entry element | educación primaria- República Domincana |
| 942 ## - ADDED ENTRY ELEMENTS (KOHA) | |
| Source of classification or shelving scheme | Dewey Decimal Classification |
| Koha item type | Libros |
| Withdrawn status | Lost status | Source of classification or shelving scheme | Damaged status | Not for loan | Collection code | Home library | Current library | Date acquired | Inventory number | Total Checkouts | Full call number | Barcode | Date last seen | Copy number | Price effective from | Koha item type |
|---|---|---|---|---|---|---|---|---|---|---|---|---|---|---|---|---|
| Dewey Decimal Classification | Colección General | Biblioteca UTECO | Biblioteca UTECO | 01/02/2021 | 020642 | 370.97293 R426m | 020642 | 03/30/2022 | Ej.1 | 01/03/2021 | Libros |
